World Ethnicities - Statistics

General Stats
  • This quiz has been taken 5,156 times
    4,922 since last reset
  • The average score is 131 of 500
Answer Stats
Hint Answer Major Populations % Correct
420 million Arab Arab League,...
93%
150 million German Germany, North America,...
86%
150 million Russian Russia, Ukraine,...
86%
230 million Spaniard Spain, Latin America,...
86%
130 million Yamato Japan,...
86%
130 million Italian Italy, Latin America,...
85%
93 million French France, Canada,...
83%
1 million Pied-Noir Algeria,...
83%
0.3 million Tu China,...
83%
100 million English UK, North America,...
82%
83 million Turk Turkey,...
82%
80 million Irish Ireland, North America,...
80%
83 million Korean North Korea, South Korea,...
80%
6 million Lanna Thailand,...
79%
0.2 million Phuan Laos, Thailand,...
79%
50 million Thai Thailand,...
79%
320 million Bengali Bangladesh, India,...
78%
1300 million Han Chinese China, Taiwan,...
78%
1 million Muong Vietnam,...
76%
75 million Persian Iran, Afghanistan, Caucasus,...
76%
4 million Romani Romania, Balkans, Turkey, Spain,...
76%
48 million Viet Vietnam,...
76%
0.2 million Georgian Jew Israel, Georgia,...
74%
4 million Gilaki Iran,...
73%
17 million Greek Greece, USA,...
73%
30 million Malay Malaysia, Indonesia,...
73%
3 million Bakhtiari Iran,...
72%
4 million Mazanderani Iran,...
72%
60 million Pashtun Pakistan, Afghanistan,...
72%
13 million Swed Sweden, USA,...
72%
25 million Dutch Netherlands, North America,...
71%
0.2 million Bukhari Israel, USA,...
70%
0.1 million Falashim Israel, Ethiopia,...
70%
0.3 million Juhuro Israel...
70%
3 million Mizrahim Israel,...
70%
8 million Mon Myanmar,...
70%
2 millon Sephardim Israel, France, USA,...
70%
40 million Ukrainian Ukraine,...
70%
38 million Kurd Turkey, Iraq,...
69%
42 million Portuguese Portugal, Brazil,...
69%
120 million Punjabi Pakistan, India,...
69%
24 million Romanian Romania,...
69%
40 million Scots UK, North America,...
69%
78 million Tamil India, Sri Lanka,...
69%
30 million Uzbek Uzbekistan, Afghanistan,...
69%
11 million Ashkenazim USA, Israel,...
68%
35 million Azeri Azerbaijan, Iran,...
68%
15 million Magyar Hungary, USA,...
68%
12 million Serb Serbia, Bosnia and Herzegovina,...
68%
28 million Tagalog Philippines,...
68%
14 million Kazakh Kazakhstan, China,...
67%
12 million Norwegian Norway, USA,...
67%
12 million Czech Czech Republic, USA,...
66%
0.3 million Gio Liberia, Ivory Coast,...
66%
105 million Javanese Indonesia,...
66%
20 million Tajik Tajikistan, Afghanistan,...
66%
8 million Armenian Armenia, Russia,...
65%
7 million Finn Finland, USA, Sweden...
65%
16 million Khas Nepal, India, Bhutan,...
65%
0.5 million Limbu Nepal, India,...
65%
6 million Madhesi Nepal, Malaysia, Saudi Arabia,...
65%
2 million Tamang Nepal, India,...
65%
2 million Tharu Nepal, India,...
65%
9 million Croat Croatia, Bosnia and Herzegovina...
64%
1 million Li China,...
64%
12 million Mongo D.R. of the Congo,...
64%
1 million Newar Nepal,...
64%
0.6 million Rai Nepal, India,...
64%
20 million Somali Somalia, Ethiopia,...
64%
0.1 million Sunwar Nepal,...
64%
15 million Copt Egypt,...
63%
6 million Slovak Slovakia, USA,...
63%
7 million Georgian Georgia,...
62%
30 million Bamar Myanmar,...
61%
8 million Turkmen Turkmenistan, Iran,...
61%
10 million Belarusian Belarus,...
60%
50 million Berber Maghreb, Sahel,...
60%
8 million Bulgarian Bulgaria,...
60%
0.4 million Çamë Albania, Greece, USA,...
59%
0.1 million Manx UK, North America, Australia,...
59%
6 million Welsh UK, North America,...
59%
12 million Zulu South Africa,..
59%
5 million Moro Philippines,...
58%
0.4 million Arbëreshë Italy,...
57%
0.2 million Arvanite Greece,...
57%
13 million Basque Spain, France, USA,...
57%
3 million Gheg Albania, Kosovo, Macedonia,...
57%
10 million Mongol Mongolia, China,...
57%
58 million Pole Poland, North America,...
57%
2 million Tosk Albania,...
57%
9 million Ilocano Philippines,...
56%
4 million Lao Laos,...
56%
2 million Latvian Latvia,...
56%
4 million Lithuanian Lithuania, USA,...
56%
33 million Visayan Philippines,...
56%
6 million Bicolano Philippines,...
55%
8 million Catalan Spain, France,...
55%
5 million Kyrgyz Kyrgyzstan,...
55%
1 million Estonian Estonia,...
54%
1 million Igorot Philippines,...
54%
13 million Khmer Cambodia, Thailand, Vietnam,...
54%
3 million Pampango Philippines,...
54%
2 million Tày Vietnam,...
54%
3 million Zamboagueño Philippines,...
54%
32 million Igbo Nigeria,...
53%
2 million Slovene Slovenia,...
53%
10 million Kongo D.R. of the Congo, Republic of the Congo,...
51%
2 million Chin Myanmar, India, Bangladesh,...
50%
3 million Macedonian Macedonia,...
49%
0.3 million Tat Iran,...
49%
10 million Uyghur China, Kazakhstan,...
49%
1 million Wa Myanmar, China,...
49%
6 million Crimean Tatar Ukraine, Russia,...
48%
1 million Fengu South Africa,...
47%
60 million Gujarati India,...
47%
14 million Lebanese Lebanon, Brazil, Argentina,...
47%
8 million Xhosa South Africa,...
47%
7 million Flemish Belgium,...
46%
0.8 million Kaqchikel Guatemala,...
46%
7 million Maya Guatemala, Mexico,...
46%
7 million Volga Tatar Russia,...
46%
11 million Quechua Peru, Bolivia, Ecuador,...
45%
0.1 million Qulla Argentina, Bolivia, Chile,...
45%
5 million Tibetan China,...
45%
43 million Yoruba Nigeria, Benin,...
45%
5 million Sicilian Italy, USA,...
44%
0.1 million Cook Islander New Zealand, Australia,...
42%
0.8 million Māori New Zealand, Australia,...
42%
3 million Moldovan Moldova,...
42%
3 million Afrikaners South Africa,...
41%
87 million Marathi India,...
41%
6 million Shan Myanmar, Thailand, China,...
41%
15 million Sinhalese Sri Lanka,...
41%
0.3 million Navajo USA,...
40%
90 million Telugu India,...
40%
8 million Breton France,...
39%
35 million Hausa Nigeria, Niger,...
39%
11 million Hutu Rwanda, Burundi, D.R. of the Congo,...
39%
22 million Isan Thailand,...
39%
3 million Nahua Mexico, El Salvador,...
39%
0.2 million Antaifasy Madagascar,...
38%
0.6 million Antaisaka Madagarcar,...
38%
0.6 million Antandroy Madagascar
38%
0.4 million Antanosy Madagascar,...
38%
0.5 million Antemoro Madagascar,...
38%
0.5 million Bara Madagascar,...
38%
2 million Betsileo Madagascar,...
38%
2 million Betsimisaraka Madascar,...
38%
0.1 million Bezanozano Madagascar,...
38%
0.1 million Inuit Canada, Denmark,...
38%
0.1 million Mahafaly Madagascar,...
38%
5 million Merina Madagascar,...
38%
1 million Sakalava Madagascar,...
38%
0.5 million Swahili Tanzania, Kenya, Mozambique, Oman,...
38%
0.4 million Tanala Madagascar,...
38%
1 million Tsimihety Madagascar,...
38%
3 million Galician Spain, Argentina, Venezuela,...
37%
45 million Oromo Ethiopia,...
37%
5 million Pedi South Africa,...
37%
2 million Sardinian Italy,...
37%
0.2 million Sihanaka Madagascar,...
37%
6 million Sotho South Africa, Lesotho,...
37%
5 million Bosniak Bosnia and Herzegovina, Turkey,...
36%
6 million Dane Denmark, USA,...
36%
1 million Nùng Vietnam,...
36%
0.1 million Saami Norway, Sweden, Finland,...
36%
2 million Swazi Swaziland, South Africa,...
36%
2 million Tutsi Rwanda, Burundi,...
36%
2 million Chechen Russia,...
35%
5 million Hmong China, Vietnam, Laos,...
35%
0.7 million Maltese Malta, Australia,...
35%
0.3 million Cherokee USA,...
34%
0.5 million Fijian Fiji, Australia,...
34%
42 million Sindhi Pakistan, India,...
34%
0.5 million Tai Lu China, Laos, Myanmar, Thailand,...
34%
9 million Balochi Pakistan, Iran,...
33%
0.4 million Corsican France,...
33%
6 million Kashmiri India, Pakistan,...
33%
16 million Occitan France,...
33%
0.1 million Romansh Switzerland,...
33%
0.6 million Samoan Samoa, USA, New Zealand,...
33%
6 million Tswana South Africa, Botswana,...
33%
55 million Kannada India,...
32%
0.7 million Ngalop Bhutan,...
32%
0.2 million Sharchop Bhutan, China,...
32%
30 million Sundanese Indonesia,...
32%
3 million Assyrian Syria, Iraq, USA,...
31%
6 million Cornish UK, North America, Australia,...
31%
1 million Tonga Zambia, Zimbabwe, Mozambique,...
31%
10 million Manchu China,...
30%
7 million Nubian Sudan, Egypt,...
30%
20 million Amhara Ethiopia,...
29%
13 million Assamese India,...
29%
0.5 million Montenegrin Montenegro,...
29%
10 million Tigrayan Ethiopia, Eritrea,...
28%
20 million Fula Nigeria, Guinea, Mali,...
27%
0.5 million Luxembourger Luxembourg,...
27%
0.6 million Ossete Russia, Georgia,...
27%
5 million Walloon Belgium,...
27%
100 million Bihari India,...
24%
1 million Frisian Netherlands, Germany,...
24%
4 million Venetian Italy, Slovenia, Croatia,...
24%
9 million Yi China,...
24%
0.2 million Abkhaz Georgia,...
23%
2 million Aymara Bolivia, Peru,...
23%
4 million Balinese Indonesia,...
23%
8 million Circassian Turkey, Russia,...
23%
2 million Rohingya Myanmar, Bangladesh, Saudi Arabia,...
23%
0.1 million San Botswana, Namibia, South Africa,...
23%
11 million Ashanti Ghana,...
22%
0.2 million Cree Canada,...
22%
0.8 million Hawaiian USA,...
22%
0.1 million Huli Papua New Guinea,...
22%
0.1 million Tolai Papua New Guinea
22%
2 million Afar Ethiopia, Eritrea, Djibouti,...
21%
10 million Andalusian Spain, Brazil, France,...
21%
0.1 million Faroese Denmark,..
21%
10 million Hui China,...
21%
0.1 million I-Kiribati Kiribati,...
21%
0.4 million Maldivian Maldives,...
21%
30 million Odia India,...
21%
0.2 million Sioux USA, Canada,...
21%
0.5 million Tetun East Timor, Indonesia,...
21%
6 million Wolof Senegal, Gambia,...
21%
0.7 million Australian Aboriginal Australia,...
20%
0.3 million Guaraní Paraguay, Argentina, Brazil, Bolivia,...
20%
0.2 million Lhotsampa Buthan, Nepal, USA,...
20%
70 million Rajasthani India,...
20%
0.7 million She China,...
20%
11 million Shona Zimbabwe,...
20%
0.1 million Sorb Germany, Czech Republic, Poland,...
20%
2 million Tuareg Niger, Mali, Algeria,...
20%
2 million Bashkir Russia,...
19%
2 million Chuvash Russia,...
19%
2 million Maasai Kenya, Tanzania,...
19%
3 million Ndebele South Africa, Zimbabwe, Botswana,...
19%
2 million Silesian Poland,...
19%
0.5 million Yakut Russia,...
19%
18 million Zhuang China,...
19%
0.1 million Apache USA, Mexico,...
18%
5 million Dinka South Sudan,...
18%
0.1 million Greenlander Denmark,...
18%
0.4 million Icelander Iceland,...
18%
9 million Karen Myanmar, Thailand,...
18%
60 million Malayali India, Arabia,...
18%
13 million Mandinka Gambia, Guinea, Ivory Coast,...
18%
0.1 million Tongan Tonga,.
18%
0.5 million Ahanta Ghana,...
17%
4 million Akyem Ghana,...
17%
2 million Baule Ivory Coast,...
17%
0.1 million Chakosi Ivory Coast,...
17%
0.6 million Mari Russia,...
17%
0.1 million Marshallese Marshall Islands,...
17%
0.5 million Nzema Ghana, Ivory Coast,...
17%
2 million Okinawan Japan,...
17%
12 million Chewa Malawi, Zambia, Zimbabwe, Mozambique,...
16%
0.7 million Ingush Russia,...
16%
0.1 million Iroquois Canada,...
16%
0.3 million NiVan Vanuatu,...
16%
1 million Avar Russia,...
15%
2 million Bai China,...
15%
0.2 million Gagauz Moldova,...
15%
6 million Hazara Afghanistan, Pakistan,...
15%
1 million Rusyn Ukraine, Slovakia, Serbia,...
15%
6 million Scotch-Irish UK, Ireland, North America,...
15%
0.3 million Tuvan Russia,...
15%
3 million Bambara Mali, Guinea, Burkina Faso, Senegal,...
14%
0.1 million Bubi Equatorial Guinea,...
14%
0.5 million Kashubian Poland,...
14%
1 million Lak Iran,...
14%
5 million Tsonga Mozambique, South Africa, Zimbabwe,...
14%
4 million Acehnese Indonesia,...
13%
2 million Asturian Spain, Argentina, Mexico,...
13%
12 million Gur Mali, Burkina Faso, Benin, Ivory Coast,...
13%
0.2 million Kho Pakistan, Afghanistan,...
13%
5 million Lur Iran,...
13%
9 million Miao China, Vietnam,...
13%
4 million Sara Chad, Central African Republic,...
13%
2 million Tigre Eritrea, Sudan,...
13%
0.6 million Udmurt Russia,...
13%
1 million Venda Zimbabwe, South Africa,...
13%
0.2 million Ami Taiwan,...
12%
0.5 million Aromanian Greece, Albania,...
12%
0.4 million Cham Cambodia, Vietnam,...
12%
0.2 million Koho Vietnam,...
12%
7 million Konkani India,...
12%
1 million Laz Turkey,...
12%
0.2 million Ojibwe Canada, USA,...
12%
0.2 million Sibe China,...
12%
0.7 million Bissa Burkina Faso, Ghana,...
11%
1 million Dai China,...
11%
6 million Ganda Uganda,...
11%
0.3 million Kaonde Zambia, D.R. of the Congo,...
11%
7 million Kikuyu Kenya,...
11%
13 million Luba D.R. of the Congo,...
11%
7 million Luo Kenya, Tanzania,...
11%
2 million Mapuche Chile, Argentina,...
11%
6 million Mizo India, Bangladesh, Myanmar,...
11%
0.5 million Moravian Czech Republic, Slovakia,...
11%
2 million Soninke Senegal, Mali, Mauritania,...
11%
0.5 million Acadian Canada, USA,...
10%
1 million Fang Equatorial Guinea, Gabon,...
10%
0.3 million Friulian Italy,...
10%
1 million Garo India, Bangladesh,...
10%
0.6 million Karakalpak Uzbekistan, Kazakhstan,...
10%
2 million Mende Sierra Leone, Guinea, Liberia,...
10%
0.9 million Mordva Russia,...
10%
2 million Nuer South Sudan, Ethiopia,...
10%
5 million Songhai Mali, Niger,...
10%
0.2 million Tahitian France (French Polynesia),...
10%
3 million Yao China, Vietnam,...
10%
1 million Zapotec Mexico, USA,...
10%
8 million Batak Indonesia,...
9%
0.1 million Busa Nigeria,...
9%
1 million Cajun USA,...
9%
0.2 million Choctaw USA,...
9%
3 million Dong China,...
9%
0.6 million Dongxiang China,...
9%
3 million Dyula Mali, Ivory Coast, Ghana, Guinea-Bissau,...
9%
5 million Ewe Ghana, Togo,...
9%
2 million Kabarday Turkey, Russia,...
9%
1 million Kpelle Guinea, Liberia,...
9%
0.1 million Loko Sierra Leone,...
9%
0.8 million Mixtec Mexico,...
9%
0.1 million Paiwan Taiwan,...
9%
0.9 million Qashqai Iran,...
9%
20 million Saraiki Pakistan,...
9%
2 million Susu Guinea, Sierra Leone,...
9%
0.2 million Vai Liberia, Sierra Leone,...
9%
0.1 million Atayal Taiwan,...
8%
0.1 million Balkar Russia, Kazakhstan,...
8%
3 million Emilian Italy,...
8%
10 million Ijo Nigeria,...
8%
10 million Kanuri Nigeria, Chad, Niger,...
8%
0.5 million Kumyk Russia,...
8%
7 million Mossi Burkina Faso, Ivory Coast,...
8%
3 million Rakhine Myanmar,...
8%
10 million Tulu India,...
8%
2 million Wayao Malawi, Mozambique, Tanzania,...
8%
2 million Brahui India,...
7%
0.2 million Chamorro USA (Guam, Northern Mariana),...
7%
0.9 million Fur Sudan, Chad,...
7%
0.3 million Herero Namibia, Angola, Botswana,...
7%
3 million Makassar Indonesia, Malaysia,...
7%
0.4 million Métis Canada,...
7%
0.2 million Nogai Russia, Turkey, Romania,...
7%
6 million Banjar Indonesia,...
6%
2 million Beja Sudan, Eritrea, Egypt,...
6%
6 million Dayak Indonesia, Malaysia,...
6%
0.5 million Indo-Fijian Fiji, Australia,...
6%
1 million Lezgin Russia,...
6%
7 million Madura Indonesia,...
6%
20 million Muhajir Pakistan,...
6%
7 million Santal India, Nepal,...
6%
8 million Tujia China,...
6%
4 million Bemba Zambia,...
5%
5 million Betawi Indonesia,...
5%
7 million Bugis Indonesia, Malaysia,...
5%
3 million Buyei China,...
5%
0.1 million Chuukese Federated States of Micronesia,...
5%
0.6 million Dargwa Russia,...
5%
2 million Hani China,...
5%
0.1 million Kanak France (New Caledonia),...
5%
0.4 million Krio Sierra Leone,...
5%
9 million Minang Indonesia, Malaysia,...
5%
9 million Munda India,...
5%
0.2 million Nama South Africa, Namibia, Botswana...
5%
1 million Ovambo Nambia, Angola,...
5%
1 million Romagnol Italy, San Marino,...
5%
0.1 million Salar China,...
5%
0.4 million Sui China,...
5%
9 million Sukuma Tanzania,...
5%
1 million Talysh Iran, Azerbaijan,...
5%
1 million Tripuri India,...
5%
0.6 million Tubu Chad, Niger, Sudan,...
5%
5 million Bantenese Indonesia,...
4%
4 million Hindko Pakistan,...
4%
5 million Ibibio Nigeria,...
4%
0.3 million Kru Liberia, Ivory Coast, Sierra Leone,...
4%
1 million Lahu China, Myanmar, Thailand,...
4%
0.2 million Latgalian Latvia, Russia,...
4%
1 million Lisu China, Myanmar, Thailand, India,...
4%
1 million Lunda Angola, D.R. of the Congo, Zambia,...
4%
0.6 million Mam Guatemala,...
4%
0.2 million Miskito Nicaragua, Honduras,...
4%
0.1 million Mixe Mexico,...
4%
4 million Moluccan Indonesia,...
4%
0.3 million Pamiri Tajikistan, Afghanistan, Pakistan,...
4%
0.1 million Purépecha Mexico,...
4%
0.2 million Qiang China,...
4%
4 million Sasak Indonesia,...
4%
2 million Serer Senegal,...
4%
3 million Sidama Ethiopia,...
4%
1 million Zande D.R. of the Congo, South Sudan,...
4%
1 million Acholi Uganda, South Sudan,...
3%
0.8 million Atoni Indonesia, East Timor,...
3%
6 million Baggara Sudan, Chad, Nigeria,...
3%
0.2 million Bahnar Vietnam,...
3%
0.1 million Daur China,...
3%
2 million Ga-Adangbe Ghana, Togo,...
3%
0.6 million Garifuna Honduras, Belize, Guatemala,...
3%
2 million Gorontaloan Indonesia,...
3%
1 million Jingpo Myanmar, China,...
3%
5 million Kalenjin Kenya,...
3%
3 million Khadem Yemen,...
3%
2 million Khasi India,...
3%
2 million K'iche' Guatemala,...
3%
0.3 million Kriol Belize,...
3%
0.2 million Lari Iran, Bahrain, Kuwait,...
3%
5 million Luhya Kenya,...
3%
2 million Magar Nepal,...
3%
1 million Shina Pakistan,...
3%
0.4 million Zaghawa Chad, Sudan,...
3%
4 million Ambundu Angola,...
2%
0.1 million Bunak East Timor, Indonesia,...
2%
0.2 million Chinantec Mexico,...
2%
2 million Griqua South Africa, Namibia,...
2%
0.5 million Gurung Nepal,...
2%
0.1 million Kavango Namibia,...
2%
0.1 million Kemak East Timor, Indonesia,...
2%
0.5 million Kono Sierra Leone,...
2%
0.5 million Kuy Thailand, Cambodia, Laos,...
2%
0.6 million Limba Sierra Leone
2%
2 million Malimba Cameroon,...
2%
0.1 million Mambai East Timor,...
2%
0.2 million Mulao China,...
2%
1 million Nias Indonesia,...
2%
0.6 million Otomi Mexico,...
2%
0.1 million Papel Senegal, Guinea-Bissau, Guinea,...
2%
0.2 million Saho Eritrea, Ethiopia,...
2%
0.1 million Taplanec Mexico,...
2%
0.1 million Tarahumara Mexico,...
2%
0.4 million Totonac Mexico,...
2%
1 million Toucouleur Senegal, Mali, Mauritania,...
2%
0.4 million Balanta Guinea-Bissau, Senegal, Gambia,...
1%
2 million Chaga Tanzania,...
1%
0.6 million Chakma Bangladesh, India, Myanmar,...
1%
2 million Cirebonese Indonesia,...
1%
0.6 million Efik Nigeria,...
1%
0.5 million Gelao China,...
1%
0.1 million Huastec Mexico,...
1%
0.6 million Kadazandusun Malaysia, Brunei,...
1%
4 million Kamba Kenya,...
1%
0.7 million Kanembu Chad,...
1%
0.6 million Khmu Laos, Vietnam, Thailand,...
1%
0.8 million Kissi Guinea, Liberia, Sierra Leone,...
1%
2 million Lango Uganda,...
1%
0.7 million Lozi Zambia, Namibia, Angola,...
1%
1 million Makua Mozambique,...
1%
0.1 million Maonan China,...
1%
0.4 million Masalit Sudan, Chad,...
1%
0.3 million Mazahua Mexico,...
1%
0.3 million Mazatec Mexico,...
1%
0.1 million Mee Indonesia,...
1%
2 million Memon India, Pakistan,...
1%
3 million Meru Kenya,...
1%
0.1 million Mnong Vietnam, Cambodia,...
1%
0.3 million Nakhi China,...
1%
0.1 million Nzebi Gabon, Republic of the Congo,...
1%
0.5 million Palaung Myanmar,...
1%
1 million Pangasinan Philippines,...
1%
0.1 million Punu Gabon,...
1%
2 million Soga Uganda,...
1%
1 million Tausug Philippines, Malaysia,...
1%
0.8 million Teke D.R. of the Congo, Republic of the Congo,...
1%
2 million Temne Sierra Leone,...
1%
0.1 million Toba Argentina, Bolivia, Paraguay,...
1%
3 million Zarma Niger,...
1%
1 million Anang Nigeria,...
0%
3 million Anyi Ghana, Ivory Coast,...
0%
0.1 million Bilala Chad,...
0%
0.8 million Chopi Mozambique,...
0%
0.1 million Damara Namibia,...
0%
0.9 million Dhanuk India, Bangladesh, Nepal,...
0%
0.1 million Ekoi Nigeria, Cameroon,...
0%
3 million Fante Ghana, Ivory Coast,...
0%
2 million Gurma Burkina Faso, Ghana,...
0%
1 million Haya Tanzania,...
0%
0.1 million H're Vietnam,...
0%
0.4 million Jarai Vietnam,...
0%
2 million Kisii Kenya,...
0%
0.2 million Kubu Indonesia,...
0%
0.8 million Lomwe Malawi,...
0%
0,6 million Luvale Zambia, Angola,...
0%
1 million Makonde Tanzania, Mozambique,...
0%
0.3 million Manjaca Guinea-Bissau,...
0%
0.2 million Marma Bangladesh, Myanmar,...
0%
0.6 million M'Bochi Republic of the Congo,...
0%
1 million Minahassa Indonesia, Philippines,...
0%
0.8 million Ngoni Malawi, Zambia, Tanzania, Mozambique,...
0%
0.1 million Nkoya Zambia,...
0%
1 million Nyakyusa Tanzania, Malawi,...
0%
1 million Nyamwezi Tanzania,...
0%
0.3 million Pnar India,...
0%
0.3 million Rade Vietnam,...
0%
0.2 million San Chay Vietnam,...
0%
0.9 million Sanga Republic of the Congo,...
0%
2 million Sena Mozambique, Malawi, Zimbabwe,...
0%
2 million Tumbuka Malawi, Zambia, Tanzania,...
0%
0.2 million Xo Dang Vietnam,...
0%
No matching quizzes found
Score Distribution
Percent of People with Each Score
Percentile by Number Answered
Your Score History
You have not taken this quiz since the last reset